000 00299nam a22001217a 4500
008 160426b xxu||||| |||| 00| 0 eng d
020 _a9780803611962
020 _a080361196
041 _aeng
080 _a618.2
245 _aNursing theories nursing practice:
_cMarilyn E. Parker;
942 _2udc
_cBK
999 _c1600
_d1600